[Event "AUTO-ADV-4886"]
[Site "http://www.queenalice.com/game.php?id=1861701"]
[Date "2025.8.17"]
[Round "1"]
[White "Daniel1962"]
[Black "australia"]
[Result "1-0"]
[WhiteElo "1744"]
[BlackElo "1767"]

1. c4 a6 2. Nc3 e6 3. d4 h6 4. c5 c6 5. Nf3 Nf6 6. Ne5 d6 7. cxd6 Bxd6 8. Bf4
Nbd7 9. Nxf7 Kxf7 10. Bxd6 Ne8 11. Bg3 Qa5 12. e3 Nef6 13. Qf3 Ke7 14. Bc4 Nf8
15. Be5 N8h7 16. Bxf6+ Nxf6 17. O-O b5 18. Bd3 Qc7 19. Bg6 Rf8 20. e4 Nd5 21.
Nxd5+ cxd5 22. Qa3+ Qd6 23. Qxd6+ Kxd6 24. e5+ Ke7 25. Rac1 Ra7 26. f4 Bd7 27.
b4 Rb7 28. Rf3 Rc8 29. Ra1 Rc4 30. a3 Rxd4 31. f5 Rc7 32. fxe6 Bxe6 33. h3 Kd7
34. Bf5 Ke7 35. Bxe6 Kxe6 36. Re3 g5 37. Rf1 Rf7 38. Rc1 Rc4 39. Rce1 Rc2 40.
Kh2 Rf4 41. Kg3 d4 42. R3e2 Rc3+ 43. Kh2 Rxa3 44. Rc2 d3 45. Rc6+ Kf5 46. Rf6#
1-0

[Event "AUTO-ADV-4886"]
[Site "http://www.queenalice.com/game.php?id=1861702"]
[Date "2025.8.17"]
[Round "1"]
[White "australia"]
[Black "Daniel1962"]
[Result "1-0"]
[WhiteElo "1748"]
[BlackElo "1747"]

1. e3 e5 2. a3 Nc6 3. h3 Be7 4. Nc3 d6 5. Nd5 Bf5 6. Nxe7 Ngxe7 7. Nf3 e4 8. Nh4
a6 9. Nxf5 Nxf5 10. Qg4 Qf6 11. Qxe4+ Nfe7 12. g4 O-O-O 13. Rb1 Rde8 14. Rg1 Ng6
15. Qa4 Nge5 16. Rg3 Nf3+ 17. Kd1 Nfe5 18. f4 Nd7 19. Qb3 Nc5 20. Qa2 Ne4 21. g5
Qe6 22. Qxe6+ fxe6 23. Rg1 g6 24. Bg2 d5 25. d3 Nd6 26. Bd2 d4 27. e4 h6 28.
gxh6 Rxh6 29. e5 Nf5 30. Ke2 Ne3 31. Bxe3 dxe3 32. Kxe3 Rg8 33. Kd2 g5 34. Rbf1
gxf4 35. Bxc6 Rxg1 36. Bxb7+ Kxb7 37. Rxg1 Rxh3 38. Rf1 f3 39. c4 Rh2+ 40. Kc3
Re2 41. Rxf3 Rxe5 42. b4 Re1 43. c5 Ra1 44. Kb3 Kc6 45. Kc4 Rxa3 46. Rf6 Kd7 47.
d4 a5 48. b5 Ra1 49. c6+ Kd6 50. Rf7 a4 51. Rd7# 1-0

[Event "AUTO-ADV-4886"]
[Site "http://www.queenalice.com/game.php?id=1861715"]
[Date "2025.8.17"]
[Round "1"]
[White "EdsonEstevam"]
[Black "australia"]
[Result "1/2-1/2"]
[WhiteElo "1764"]
[BlackElo "1782"]

1. e4 a6 2. d4 Nc6 3. Nf3 h6 4. Nc3 e6 5. e5 d6 6. Bf4 d5 7. Be2 Bb4 8. Bd2 Nge7
9. Na4 Bxd2+ 10. Qxd2 Bd7 11. a3 Nb8 12. Nc5 Bc6 13. O-O Nd7 14. Nd3 Ng6 15. Nf4
Ndf8 16. Bd3 Nxf4 17. Qxf4 Qe7 18. b4 Bb5 19. Bxb5+ axb5 20. Nd2 Ng6 21. Qg3 Rg8
22. Nb3 b6 23. Nc1 Nh4 24. Na2 g5 25. Nc3 Nf5 26. Qg4 Qd7 27. g3 c6 28. a4 Kf8
29. axb5 Rxa1 30. Rxa1 Kg7 31. h4 Kh7 32. h5 cxb5 33. Qe2 Qc7 34. Nxb5 Qe7 35.
g4 Ng7 36. Ra7 Qe8 37. Nd6 Qb8 38. Rxf7 Kh8 39. Rf6 Ne8 40. Rxh6+ Kg7 41. Rxe6
Nxd6 42. Rf6 Ne4 43. Rg6+ Kh7 44. f3 Nc3 45. Qd3 Ne4 46. fxe4 Qa8 47. exd5 Qa1+
48. Kg2 Qe1 49. Rg7+ Kxg7 50. Qg6+ Kf8 51. Qf6+ Ke8 52. Qe6+ Kf8 53. Qf6+ Ke8
54. Qe6+ Kf8 55. Qxb6 Qe2+ 56. Kg3 Qe1+ 57. Kg2 Qe4+ 58. Kh3 Qxd5 59. Qf6+ Ke8
60. e6 Rf8 61. Qg6+ Ke7 62. Qg7+ Ke8 63. Qg6+ Ke7 64. Qg7+ Ke8 65. Qg6+ 1/2-1/2

[Event "AUTO-ADV-4886"]
[Site "http://www.queenalice.com/game.php?id=1861716"]
[Date "2025.8.17"]
[Round "1"]
[White "australia"]
[Black "EdsonEstevam"]
[Result "1-0"]
[WhiteElo "1762"]
[BlackElo "1815"]

1. a3 e5 2. e3 d5 3. h3 Nc6 4. Nc3 Nf6 5. Nge2 Bd6 6. Nb5 a6 7. Nxd6+ Qxd6 8.
Ng3 h6 9. d3 d4 10. e4 Be6 11. Be2 O-O 12. O-O b5 13. Qd2 a5 14. Nf5 Bxf5 15.
exf5 Ne7 16. g4 Nfd5 17. Bf3 Nf4 18. Bxa8 Rxa8 19. f3 Nxh3+ 20. Kg2 Nf4+ 21. Kf2
Ned5 22. Ke1 Qc6 23. Rh1 Ne7 24. Qf2 Re8 25. Bxf4 exf4 26. Kd1 Nd5 27. Kd2 Ne3
28. Rac1 Qc5 29. f6 Re6 30. Rh5 Qf8 31. fxg7 Qxg7 32. Rxb5 Re5 33. Rb8+ Kh7 34.
Qh2 Rg5 35. Qxf4 c5 36. Rb7 Kg6 37. Qd6+ Kh7 38. Rg1 a4 39. Qc6 Qg8 40. Qe4+ Qg6
41. Rxf7+ Kh8 42. Rf8+ Kh7 43. Qe7+ Qg7 44. Rf7 Nd5 45. Rxg7+ Rxg7 46. Qe4+ Rg6
47. Qxd5 h5 48. Qf5 hxg4 49. Rh1+ Kg7 50. Qd7+ Kf6 51. f4 g3 52. Rh7 1-0

[Event "AUTO-ADV-4886"]
[Site "http://www.queenalice.com/game.php?id=1861725"]
[Date "2025.8.17"]
[Round "1"]
[White "australia"]
[Black "Carlos19"]
[Result "0-1"]
[WhiteElo "1782"]
[BlackElo "1673"]

1. a3 e5 2. e3 Nc6 3. Nc3 Bc5 4. Ne4 Be7 5. h3 h6 6. Qg4 h5 7. Qxg7 Bf6 8. Nxf6+
Qxf6 9. Qg3 d6 10. Bd3 h4 11. Qh2 e4 12. Bc4 Be6 13. Ba2 Bxa2 14. Rxa2 O-O-O 15.
b3 b5 16. Bb2 Ne5 17. d4 Nd3+ 18. Kd2 Qxf2+ 19. Ne2 Nxb2 20. Rxb2 Qf6 21. Nf4 c5
22. Rbb1 cxd4 23. Rhe1 dxe3+ 24. Kc1 Qd4 25. Rd1 Qc5 26. Rd5 Qc3 27. Qg1 Nf6 28.
Rd1 d5 29. Ne2 Qc5 30. Kb2 d4 31. c3 d3 32. Nd4 Nd5 33. Rbc1 d2 34. Rc2 Rh5 35.
Qf1 Rd7 36. Qxb5 Qxb5 37. Nxb5 e2 38. Rcxd2 exd1=Q 39. Rxd1 Ne3 40. Re1 Rxb5 41.
Rxe3 f5 42. a4 Rbd5 43. Ka3 Rd3 44. Re2 Rd2 45. Re1 Rxg2 46. Rf1 Rf7 47. Rf4 Rg3
48. Rxh4 Rxc3 49. Kb2 Rg3 50. Rh8+ Kb7 51. h4 e3 52. Re8 f4 0-1

[Event "AUTO-ADV-4886"]
[Site "http://www.queenalice.com/game.php?id=1861726"]
[Date "2025.8.17"]
[Round "1"]
[White "Carlos19"]
[Black "australia"]
[Result "1-0"]
[WhiteElo "1607"]
[BlackElo "1806"]

1. e4 a6 2. Nc3 e6 3. Bc4 Nc6 4. Nf3 Nf6 5. h3 d6 6. d3 h6 7. g4 Na5 8. g5 Ng8
9. h4 h5 10. b4 Nxc4 11. dxc4 Qe7 12. e5 d5 13. c5 Qd7 14. Nd4 Ne7 15. f4 Nf5
16. Nxf5 exf5 17. Qxd5 Qe7 18. O-O c6 19. Qd6 Qxd6 20. cxd6 g6 21. Be3 Be6 22.
Rfd1 Kd7 23. Na4 Kd8 24. Bb6+ Kc8 25. Bc7 Kd7 26. Nb6+ Ke8 27. Nxa8 Bd7 28. Nb6
Bg7 29. Nxd7 Kxd7 30. Rab1 b5 31. Ra1 Rc8 32. a4 Ra8 33. axb5 cxb5 34. Rd4 Rc8
35. Rxa6 Re8 36. Rd5 Bf8 37. Rb6 1-0

[Event "AUTO-OPEN-4610"]
[Site "http://www.queenalice.com/game.php?id=1861805"]
[Date "2025.8.18"]
[Round "1"]
[White "Tonto"]
[Black "australia"]
[Result "1-0"]
[WhiteElo "1989"]
[BlackElo "1781"]

1. e4 a6 2. d4 h6 3. c4 e6 4. Nf3 c6 5. Bd3 Ne7 6. Nc3 d6 7. b4 Ng6 8. Qa4 Be7
9. b5 O-O 10. Be3 a5 11. e5 d5 12. bxc6 bxc6 13. cxd5 exd5 14. O-O Bb4 15. Ne2
Bg4 16. a3 Be7 17. e6 Bxe6 18. Bxg6 fxg6 19. Ne5 Qe8 20. Nf4 Bf5 21. Rac1 Bd6
22. Nxc6 Bd7 23. Qb5 Nxc6 24. Qxd5+ Rf7 25. Qxd6 Ra6 26. Qxg6 Bf5 27. Qg3 Ne7
28. Rc5 g5 29. Nh5 Be6 30. Bxg5 Kh8 31. Bf6+ Kh7 32. Qd3+ Bf5 33. Qxa6 Ng8 34.
Rxf5 Kg6 35. Ng7 Qe4 36. Be5+ Nf6 37. Rxf6+ Rxf6 38. Qxf6+ Kh7 39. Nf5 Qb7 40.
Qxh6+ Kg8 41. Qh8+ 1-0

[Event "AUTO-OPEN-4610"]
[Site "http://www.queenalice.com/game.php?id=1861806"]
[Date "2025.8.18"]
[Round "1"]
[White "australia"]
[Black "Tonto"]
[Result "0-1"]
[WhiteElo "1773"]
[BlackElo "2012"]

1. e3 e5 2. a3 d5 3. h3 Be7 4. Nf3 e4 5. Nd4 f5 6. d3 Nf6 7. Bd2 Bd7 8. Be2 Nc6
9. Nb3 Ne5 10. d4 Ng6 11. g3 Be6 12. Nc5 Bxc5 13. dxc5 c6 14. Bb4 O-O 15. Qd4 a5
16. Bc3 Rf7 17. Nd2 Nd7 18. O-O-O b6 19. cxb6 c5 20. Qa4 Qxb6 21. Nb3 c4 22. Nd4
Nc5 23. Qb5 Qxb5 24. Nxb5 Rb7 25. Nd4 Bd7 26. Kd2 Na4 27. Ke1 Nxc3 28. bxc3 Ba4
29. Kf1 Rb2 30. Rc1 Rab8 31. Kg2 Ra2 32. h4 Rxa3 33. Ra1 Rxa1 34. Rh2 Rc1 35. f3
Bxc2 36. Nxf5 exf3+ 37. Kxf3 Bxf5 38. g4 Be4+ 39. Kg3 Rxc3 40. Kf2 Rb2 41. Ke1
Rxe3 42. Kf1 Nf4 0-1

[Event "Challenge"]
[Site "http://www.queenalice.com/game.php?id=1862042"]
[Date "2025.8.24"]
[Round "-"]
[White "Capixabba789"]
[Black "australia"]
[Result "1/2-1/2"]
[WhiteElo "1831"]
[BlackElo "1780"]

1. e4 a6 2. d4 h6 3. c4 e6 4. f4 c6 5. Nf3 d6 6. Bd3 Nd7 7. Nc3 Qa5 8. O-O Ndf6
9. Kh1 Be7 10. a3 Bd8 11. Bd2 Qc7 12. e5 dxe5 13. Nxe5 Nh7 14. Ne4 Ngf6 15. c5
Nxe4 16. Bxe4 O-O 17. Qc2 Nf6 18. Bd3 Be7 19. b4 Nd5 20. Qd1 Bf6 21. Qe2 Bxe5
22. fxe5 Ne7 23. Qe4 Ng6 24. Rf3 Qe7 25. Raf1 Qh4 26. Qxg6 fxg6 27. Rxf8+ Kh7
28. R8f7 Qh5 29. h3 Qh4 30. R1f6 Bd7 31. Rxg6 Qxd4 32. Rgxg7+ Kh8 33. Rh7+ Kg8
34. Rhg7+ Kh8 35. Rh7+ Kg8 36. Rhg7+ Kh8 37. Rh7+ 1/2-1/2

[Event "Challenge"]
[Site "http://www.queenalice.com/game.php?id=1862237"]
[Date "2025.8.29"]
[Round "-"]
[White "Capixabba789"]
[Black "australia"]
[Result "1-0"]
[WhiteElo "1820"]
[BlackElo "1764"]

1. d4 h6 2. e4 e6 3. f4 a6 4. Nf3 c6 5. Bd3 d5 6. exd5 Qxd5 7. O-O Be7 8. Nc3
Qd6 9. Be3 Nf6 10. Ne5 Nbd7 11. Ne4 Nxe4 12. Bxe4 Nxe5 13. fxe5 Qc7 14. Qh5 Bd7
15. Qxf7+ Kd8 16. Qxg7 Re8 17. Bg6 Qc8 18. Bxe8 Bxe8 19. c4 Qd7 20. a3 Kc7 21.
Qg3 Rd8 22. b4 Kb8 23. c5 Qd5 24. a4 Kc8 25. Qf3 Qd7 26. b5 a5 27. bxc6 bxc6 28.
Rfb1 Qc7 29. Rb6 Rd5 30. Rab1 Bd8 31. Bd2 Qh7 32. Rb8+ Kd7 33. R1b7+ Bc7 34.
Bxa5 1-0

[Event "Challenge"]
[Site "http://www.queenalice.com/game.php?id=1862653"]
[Date "2025.9.7"]
[Round "-"]
[White "Leanne"]
[Black "australia"]
[Result "0-1"]
[WhiteElo "1349"]
[BlackElo "1791"]

1. d4 e6 2. c4 Qe7 3. Nc3 Qb4 4. e3 Qe7 5. Nf3 Nf6 6. Be2 h6 7. O-O Nc6 8. Nb5
Qd8 9. d5 exd5 10. cxd5 Ne7 11. Qd3 Nfxd5 12. e4 Nb4 13. Qc4 Nec6 14. Nfd4 a6
15. Nxc6 Nxc6 0-1

[Event "Challenge"]
[Site "http://www.queenalice.com/game.php?id=1862654"]
[Date "2025.9.7"]
[Round "-"]
[White "australia"]
[Black "Leanne"]
[Result "1-0"]
[WhiteElo "1793"]
[BlackElo "1347"]

1. a3 d5 2. e3 Nf6 3. h3 e6 4. Nf3 Be7 5. Bb5+ Bd7 6. Bxd7+ Nbxd7 7. Nc3 Nc5 8.
d4 Nce4 9. Nxe4 Nxe4 10. O-O Qd6 11. Ne5 O-O 12. Qf3 Ng5 13. Qe2 Nxh3+ 14. gxh3
f6 15. Nf3 c5 16. Bd2 cxd4 17. Nxd4 Qe5 18. Bb4 Rfe8 19. c3 1-0